Statistiche per Marcatori del Milan in UEFA Champions League 2022-2023

Clicka qui per fare il quiz!

Statistiche generali

  • Questo quiz è stato fatto 10 volte
  • Il punteggio medio è 10 su 14

Statistiche sulle risposte

PartitaMinutoMarcatore% Corretto
Dinamo Zagabria - Milan 0-459'Olivier Giroud
100%
Milan - Dinamo Zagabria 3-145'Olivier Giroud
100%
Milan - Salisburgo 4-014'Olivier Giroud
100%
Milan - Salisburgo 4-057'Olivier Giroud
100%
Dinamo Zagabria - Milan 0-449'Rafael Leão
90%
Salisburgo - Milan 1-140'Alexis Saelemaekers
60%
Milan - Dinamo Zagabria 3-147'Alexis Saelemaekers
60%
Milan - Tottenham 1-07'Brahim Díaz
60%
Milan - Salisburgo 4-091'Junior Messias
60%
Napoli - Milan 1-143'Olivier Giroud
60%
Milan - Napoli 1-040'Ismaël Bennacer
50%
Dinamo Zagabria - Milan 0-436'Matteo Gabbia
50%
Milan - Salisburgo 4-046'Rade Krunić
50%
Milan - Dinamo Zagabria 3-177'Tommaso Pobega
50%

Distribuzione punteggi

Percentile per numero di risposta

Percentuale di utenti per punteggio

I tuoi punteggi nel tempo

Non hai fatto questo quiz